Țările Americii de Nord - Statistics

General Stats
  • This quiz has been taken 24 times
  • The average score is 15 of 23
Answers on the Map
Answers color-coded by a green-red scale on the quiz's map according to % correct below.
 
Answer Stats
Țară % Correct
Canada
100%
Mexic
93%
Statele Unite
93%
Costa Rica
86%
Cuba
86%
Panama
86%
Republica Dominicană
79%
El Salvador
71%
Guatemala
71%
Honduras
71%
Bahamas
64%
Haiti
64%
Jamaica
64%
Belize
57%
Nicaragua
57%
Dominica
50%
Sfânta Lucia
50%
Barbados
43%
Trinidad și Tobago
43%
Antigua și Barbuda
36%
Grenada
29%
Sfântul Cristofor și Nevis
29%
Sfântul Vicențiu șiGrenadine
29%
No matching quizzes found
Score Distribution
Percent of People with Each Score
Percentile by Number Answered
Your Score History
You have not taken this quiz